000 00350nam a22001457a 4500
008 210303b ||||| |||| 00| 0 eng d
020 _a9780323042444
041 _aeng
080 _28th
_a610.73
082 _a610.73
100 _a1
101 _aINF
245 _aWong's Nursing care of Infants and Children
_cHockenberry, M. J
942 _2udc
_cBK
999 _c55689
_d55689